𝓺𝓾𝓲𝔃 𝓭𝓮𝓾𝔁 𝓯𝓻è𝓻𝓮𝓼 𝓹𝓷𝓵 - Statistiques

Statistiques générales
  • Ce quiz a été pris 10 fois
  • Le résultat moyen est 6 sur 15
Statistiques - réponses
Paroles Finit-les % Correct
"À l'aventure j'suis parti, peu d'amis j'ai rencontré Pourtant j'en voulais plein, mais sans thunes j'restais en ..." chien
78%
"Du Vegeta, Mowgli, depuis tout petit trop énervé Du biff ou bien zebi, toune-zi j'donne à ..." hervé
78%
"Le temps passera plus vite qu'hier, le soleil se couchera dans la ..." vallée
78%
"Et j'peux dire qu'j'ai le cœur gainé, le regard un peu du-per man Et j'peux te dire qu'on a peur d'aimer, Tarik Clark, AD ..." superman
56%
"Sous le sun en L.V, toute ma haine s'est irradiée, et la vie m'gênej'reviens d'l'enfer, j'fais parti d'ces ..." aborigènes
44%
"J'rentre, p'tit flash, gros teh devant la porte de la semi Yeux rouges, fonce-deh, j'suis pas très ..." poli
44%
"Je traîne tard le soir, j'suis fonce' à la Jack et j'm'en bats les couilles Fait rentrer des groupies, j'me transforme en ... rockstar
44%
"Les démons se montrent au cul Et moi j'suis là sans être là car le passé m'..." encule
33%
"Comme avant, comme demain ou comme avant-hier Rien ne change à part que j'suis encore plus ..." fier
33%
"J'étais drogué dans la vie, remonter ça d'Espagne Pour des meilleurs tarifs, pour aller plus vite que les ..." grammes
33%
"J'confie ma conscience à la lune On danse la misère, on parle la ..." guerre
33%
"même niaks, même terrain, igo les même ..." schlags
33%
"J'ai des pêchés qui passent à la compta', mon côté haram reste toujours ..." indompté
22%
"Pendant qu'la rue tremble sous les cros-mi, kho. Chez moi, c'est à l'enversJuste un peu sur les ..." nerfs
22%
"J'aime tes ongles couleurs pink, sors-moi les griffes J'suis touché, Jack ou weed, j'me fais emballer par des ..." gouines
11%
Aucun quiz correspondant
Distribution des résultats
% des personnes avec chaque résultat
Percentile par nombre de réponses
Votre historique - résultats
Vous n’avez pas pris ce quiz